Xác định thành phần và tỉ lệ phối trộn các vật liệu để sản xuất phân hữu cơ từ phân gà : Luận văn tốt nghiệp Cao học. Chuyên ngành Khoa học đất
Đề tài được thực hiện nhằm mục tiêu: xác định thành phần và tỉ lệ phối trộn các nguyên liệu ủ với phân gà và đánh giá khả năng sản xuất phân hữu cơ dạng ép viên với quy mô thí nghiệm các sản phẩm sau ủ của phân gà với các nguyên li...
Wedi'i Gadw mewn:
| Prif Awdur: | |
|---|---|
| Fformat: | Llyfr |
| Iaith: | Undetermined |
| Cyhoeddwyd: |
Cần Thơ
Trường Đại học Cần Thơ
2019
|
| Pynciau: | |
| Tagiau: |
Ychwanegu Tag
Dim Tagiau, Byddwch y cyntaf i dagio'r cofnod hwn!
|
| Thư viện lưu trữ: | Trung tâm Học liệu Trường Đại học Cần Thơ |
|---|
| LEADER | 01256nam a2200217Ia 4500 | ||
|---|---|---|---|
| 001 | CTU_232475 | ||
| 008 | 210402s9999 xx 000 0 und d | ||
| 082 | |a 668.636 | ||
| 082 | |b Gi106 | ||
| 088 | |a 8620103 | ||
| 100 | |a Nguyễn, Hồng Giang | ||
| 245 | 0 | |a Xác định thành phần và tỉ lệ phối trộn các vật liệu để sản xuất phân hữu cơ từ phân gà : | |
| 245 | 0 | |b Luận văn tốt nghiệp Cao học. Chuyên ngành Khoa học đất | |
| 245 | 0 | |c Nguyễn Hồng Giang ; Dương Minh Viễn (Cán bộ hướng dẫn) | |
| 260 | |a Cần Thơ | ||
| 260 | |b Trường Đại học Cần Thơ | ||
| 260 | |c 2019 | ||
| 520 | |a Đề tài được thực hiện nhằm mục tiêu: xác định thành phần và tỉ lệ phối trộn các nguyên liệu ủ với phân gà và đánh giá khả năng sản xuất phân hữu cơ dạng ép viên với quy mô thí nghiệm các sản phẩm sau ủ của phân gà với các nguyên liệu này. | ||
| 650 | |a Phân hữu cơ,Organic fertilizers | ||
| 910 | |b nthai | ||
| 980 | |a Trung tâm Học liệu Trường Đại học Cần Thơ | ||